000 00545nas a2200205 4500
001 000037520
003 DO-SdBNP
005 20250409134937.0
008 120423c19809999dr qr1p dd 0 0spa d
040 _aDO-SdBNP
_bspa
_cBNPHU
043 _anwdr
222 2 _aBoletín
_bCONANI
245 1 0 _aBoeletin:.
260 _aSanto Domingo :
_b(CONANI.
300 _av.- :
_bil. ;
_c29 cm.
310 _aTrimestral
362 1 _aAño 1.no. 1( ene/jun 1980)
500 _aCatalogación basada en : Año 1.no. 1 (ene/jun 1980)
942 _2ddc
_cISSUE
999 _c37010
_d37010